The First Day of Life : (Record no. 20087)
[ view plain ]
| 000 -LEADER | |
|---|---|
| fixed length control field | 00504nam a2200169 a 4500 |
| 005 - DATE AND TIME OF LATEST TRANSACTION | |
| control field | 20140310183209.0 |
| 008 - FIXED-LENGTH DATA ELEMENTS--GENERAL INFORMATION | |
| fixed length control field | 030422s19uu xx 00 eng d |
| 050 ## - LIBRARY OF CONGRESS CALL NUMBER | |
| Classification number | RJ 253 |
| Item number | .M28 1970 |
| 100 ## - MAIN ENTRY--PERSONAL NAME | |
| Personal name | McKilligin, Helen R. |
| 245 ## - TITLE STATEMENT | |
| Title | The First Day of Life : |
| Remainder of title | Principles of Neonatal Nursing / |
| Statement of responsibility, etc | Helen R. McKilligin. |
| 260 ## - PUBLICATION, DISTRIBUTION, ETC. (IMPRINT) | |
| Place of publication, distribution, etc | New York : |
| Name of publisher, distributor, etc | Springer Pub. Co. , |
| Date of publication, distribution, etc | 1970. |
| 300 ## - PHYSICAL DESCRIPTION | |
| Extent | 117 p. : |
| Dimensions | 21 cm. |
| 521 ## - TARGET AUDIENCE NOTE | |
| Target audience note | |
| 650 ## - SUBJECT ADDED ENTRY--TOPICAL TERM | |
| Topical term or geographic name as entry element | Infants (Newborn) |
| General subdivision | care. |
| 942 ## - ADDED ENTRY ELEMENTS (KOHA) | |
| Koha item type | Books |
| Source of classification or shelving scheme | Library of Congress Classification |
| Call number prefix | Foreign |
| Withdrawn status | Lost status | Source of classification or shelving scheme | Damaged status | Home library | Current library | Shelving location | Date acquired | Total Checkouts | Full call number | Barcode | Date last seen | Copy number | Price effective from | Koha item type |
|---|---|---|---|---|---|---|---|---|---|---|---|---|---|---|
| Library of Congress Classification | College Library | College Library | General Circulation Section | 04/22/2003 | RJ 253 .M28 1970 | C2122 | 05/15/2018 | 1 | 10/10/2013 | Books |